16 Ways Not to 'Lead' Quiz Stats

 Plays Quiz Updated Dec 10, 2017

Challenge
Share
Tweet
Embed
Score 0/16 Timer 01:30
2 Plays Today
% Correct
Bead
94.7%
Mead
92.1%
Dead
91.4%
Read
90%
Head
87.7%
Lean
85.8%
Load
84.2%
Leap
82.8%
% Correct
Lear
81.8%
Leaf
79.7%
Lend
79%
Leak
78%
Leas
74.2%
Leal
69.2%
Lewd
62.8%
Leud
56%

You're not logged in!

Compare scores with friends on all Sporcle quizzes.
OR
Log In

You Might Also Like...

Show Comments

Extras

Top Quizzes Today


Score Distribution

Your Account Isn't Verified!

In order to create a playlist on Sporcle, you need to verify the email address you used during registration. Go to your Sporcle Settings to finish the process.

Report this User

Report this user for behavior that violates our Community Guidelines.

Details: